000 00904nam1a22002531 4500
001 rc\3996346
005 20250807185148.0
035 _a(NLR Aleph) 007941244
090 _a88644
_c88644
100 _a20130415d1946 u y0rusy50 ca
101 0 _arus
102 _aRU
105 _ay z |||||
200 1 _a[Издания]
210 _aМосква
_cТип. Упр. делами М-ва чер. металлургии
_d1946
215 _d20
710 0 2 _aВсесоюзное науч. инж.-техн. о-во машиностроителей
_bМосковское отделение
_bСеминар по экономике производства
_3RU\NLR\AUTH\889967250
801 0 _aRU
_bNLR
_gpsbo
801 1 _aRU
_bELAR
_2rusmarc
852 _aNLR
_jЭк40 Г-4/198
942 _cBOOK
945 _aРоссийская национальная библиотека
980 _aNB
980 _aBV